000
00315nam a2200121Ia 4500
008
190216s9999||||xx |||||||||||||| ||und||
100
_a
Steet H E & Helgi Opik
245
0
_a
Physiology Of Flowering Plants
260
_b
The English Language Book Society
_c
1976
300
_a
279p
650
_a
Botany
942
_c
BK
999
_c
1360
_d
1360